[Event "ROM-chT (Women)"]
[Site "Mamaia"]
[Date "2019.09.28"]
[Round "6.12"]
[White "Obada, Ema"]
[Black "Hejja, Irisz Hanna"]
[Result "1-0"]
[WhiteElo "1987"]
[BlackElo "1536"]
[PlyCount "111"]
[EventDate "2019.09.21"]
[EventType "team-tourn"]
[EventRounds "7"]
[EventCountry "ROU"]
[SourceTitle "EXT 2020"]
[Source "ChessBase"]
[SourceDate "2019.10.17"]
[SourceVersion "1"]
[SourceVersionDate "2019.10.17"]
[SourceQuality "1"]

1. e4 d5 2. exd5 Qxd5 3. Nc3 Qd6 4. d4 c6 5. Nf3 Bg4 6. Be2 Nd7 7. Be3 Ngf6 8. Qd2 e6 9. 0-0 Qc7 10. h3 Bh5 11. Bf4 Bd6 12. Bxd6 Qxd6 13. Qe3 0-0 14. Rad1 Qc7 15. Ne5 Bxe2 16. Nxe2 Nd5 17. Qg3 N7f6 18. c4 Nb6 19. b3 Rac8 20. Ng4 Nxg4 21. Qxg4 Nd7 22. Ng3 Nf6 23. Qg5 h6 24. Qe5 Rfd8 25. f4 Rd7 26. Qxc7 Rcxc7 27. f5 exf5 28. Nxf5 Rc8 29. Nxh6+ gxh6 30. Rxf6 Kg7 31. Rf4 Rcd8 32. Kf2 Kg6 33. h4 f5 34. Rd2 a6 35. Ke3 Re8+ 36. Kd3 Rde7 37. Rf3 Re4 38. Rdf2 Rxh4 39. Rxf5 Re6 40. Rf7 Rd6 41. Rxb7 Rhxd4+ 42. Kc3 c5 43. Rc7 Rd3+ 44. Kc2 Rd1 45. Rxc5 Ra1 46. Kc3 Rc1+ 47. Kb4 Rcd1 48. Rcf5 R1d4 49. Kc5 Rd3 50. b4 Re6 51. b5 Rdd6 52. Rd5 Rb6 53. Rfd2 axb5 54. cxb5 Kg7 55. Rd7+ Kf6 56. R7d6 1-0

[Event "ROM-ch U14 Girls"]
[Site "Calimanesti"]
[Date "2018.03.27"]
[Round "1"]
[White "Hejja, Irisz Hanna"]
[Black "Lehaci, Miruna Daria"]
[Result "0-1"]
[WhiteElo "1386"]
[BlackElo "1925"]
[PlyCount "86"]
[EventDate "2018.03.27"]
[EventType "swiss"]
[EventRounds "9"]
[EventCountry "ROU"]
[SourceTitle "EXT 2019"]
[Source "ChessBase"]
[SourceDate "2018.10.10"]
[SourceVersion "1"]
[SourceVersionDate "2018.10.10"]
[SourceQuality "1"]

1. d4 e6 2. c3 f5 3. Nf3 Nf6 4. Bg5 Be7 5. Bxf6 Bxf6 6. e3 c5 7. Bd3 0-0 8. 0-0 Nc6 9. Nfd2 d6 10. Qc2 Bd7 11. Nf3 Rc8 12. Qe2 cxd4 13. Nxd4 Qe7 14. Re1 g6 15. Nd2 e5 16. N4b3 d5 17. Rad1 Kg7 18. h3 Bg5 19. Nf1 f4 20. exf4 Bxf4 21. Bc2 Be6 22. Ne3 Rcd8 23. Nf1 Rd7 24. Nh2 a5 25. a4 e4 26. Nd4 Nxd4 27. Rxd4 Qg5 28. Kh1 Be5 29. Rdd1 Qf4 30. Nf1 Qxf2 31. Qxf2 Rxf2 32. Rd2 Rdf7 33. Rxf2 Rxf2 34. Bd1 Rxb2 35. Re2 Rb1 36. Rd2 Bxc3 37. Rc2 Rxd1 38. Rxc3 Rxf1+ 39. Kh2 d4 40. Rc7+ Rf7 41. Rc1 d3 42. Re1 d2 43. Rd1 e3 0-1

[Event "EU-ch U12 Girls 27th"]
[Site "Mamaia"]
[Date "2017.09.05"]
[Round "1"]
[White "Hejja, Irisz Hanna"]
[Black "Dubovyk, Anastasiia"]
[Result "0-1"]
[WhiteElo "1404"]
[BlackElo "1785"]
[PlyCount "114"]
[EventDate "2017.09.05"]
[EventType "swiss"]
[EventRounds "9"]
[EventCountry "ROU"]
[SourceTitle "CBM 180 Extra"]
[Source "ChessBase"]
[SourceDate "2017.10.06"]
[SourceVersion "1"]
[SourceVersionDate "2017.10.06"]
[SourceQuality "1"]

1. d4 d5 2. e3 Nf6 3. Bd3 e6 4. f4 Be7 5. Nf3 c5 6. c3 Nc6 7. 0-0 Qc7 8. Ne5 c4 9. Bc2 b5 10. Nd2 a5 11. Ndf3 Bb7 12. Nxc6 Bxc6 13. Ne5 g6 14. Bd2 Ne4 15. Nxc6 Qxc6 16. Rc1 f5 17. Be1 Kd7 18. Bf2 h6 19. Qe1 Rag8 20. Bxe4 dxe4 21. Bg3 Qc8 22. Qd2 Qc6 23. Rfd1 Qd5 24. Qc2 a4 25. a3 g5 26. Qe2 gxf4 27. Bxf4 h5 28. Rd2 Bg5 29. Rf1 Kc6 30. Qe1 Qd8 31. Kh1 Bf6 32. Qe2 Rg4 33. h3 Rg6 34. Rg1 Rh7 35. Rf1 Kd5 36. Rg1 Qe8 37. Rf1 Rg8 38. Rg1 Qf7 39. Qf2 Qe7 40. Qe2 Qd8 41. Rf1 Qe8 42. Rg1 Bh4 43. Rc2 Bd8 44. Rd2 Qf7 45. Qf2 Bf6 46. Rc2 Qe7 47. Qe2 Bh4 48. Rd2 Bg3 49. Rf1 Qh4 50. Bxg3 Rxg3 51. Rf4 Rg4 52. Rf1 Rhg7 53. Qf2 Rg3 54. Re2 Rxh3+ 55. gxh3 Qxh3+ 56. Qh2 Qxf1+ 57. Qg1 Qxg1# 0-1

[Event "Miercurea Ciuc Bancpost op 20th"]
[Site "Miercurea Ciuc"]
[Date "2017.08.24"]
[Round "8"]
[White "Szebeni Janosi, Pal"]
[Black "Hejja, Irisz Hanna"]
[Result "1/2-1/2"]
[WhiteElo "1696"]
[BlackElo "1411"]
[PlyCount "131"]
[EventDate "2017.08.17"]
[EventType "swiss"]
[EventRounds "9"]
[EventCountry "ROU"]
[SourceTitle "EXT 2020"]
[Source "ChessBase"]
[SourceDate "2019.10.17"]
[SourceVersion "1"]
[SourceVersionDate "2019.10.17"]
[SourceQuality "1"]

1. e4 d5 2. exd5 Qxd5 3. Nc3 Qd6 4. Nf3 c6 5. h3 Bf5 6. d3 Nf6 7. a3 e6 8. Nh4 Bg6 9. Nxg6 hxg6 10. Be3 Nbd7 11. Be2 Qc7 12. Qd2 Bd6 13. Rd1 Nb6 14. Ne4 Nxe4 15. dxe4 0-0-0 16. Qa5 Kb8 17. c4 c5 18. b4 Nd7 19. Qxc7+ Kxc7 20. Rb1 b6 21. 0-0 Rhf8 22. f4 f5 23. e5 Be7 24. g3 Rh8 25. Kg2 Rh7 26. Rh1 Nb8 27. b5 Nd7 28. Bf3 Rhh8 29. Rbd1 Nb8 30. a4 Rd7 31. Rxd7+ Nxd7 32. Ra1 Bd8 33. Rd1 Be7 34. Bf2 Rd8 35. Be3 Rh8 36. g4 Rh7 37. g5 Rh8 38. Bf2 Rh7 39. h4 Rh8 40. Rh1 Nf8 41. a5 Nd7 42. Ra1 Rb8 43. axb6+ axb6 44. Bc6 Nf8 45. Ra6 Kd8 46. Ra7 Rc8 47. Be1 Rb8 48. Kf2 Rc8 49. Bf3 Rb8 50. Ra6 Kc7 51. Bc6 Kd8 52. Ra2 Kc7 53. Kf3 Kd8 54. Rh2 Kc7 55. h5 Rd8 56. h6 gxh6 57. gxh6 Nh7 58. Rd2 Rxd2 59. Bxd2 Kd8 60. Kg3 Bf8 61. Kh4 Bxh6 62. Be3 Ke7 63. Kg3 Kf7 64. Kh4 Ke7 65. Kg3 Kf7 66. Kh4 1/2-1/2

[Event "ROM-ch U12 Girls"]
[Site "Calimanesti Caciulata"]
[Date "2016.04.23"]
[Round "7"]
[White "Hejja, Irisz Hanna"]
[Black "Popa, Andra Maria"]
[Result "1/2-1/2"]
[WhiteElo "1444"]
[BlackElo "1264"]
[PlyCount "63"]
[EventDate "2016.04.18"]
[EventType "swiss"]
[EventRounds "9"]
[EventCountry "ROU"]
[SourceTitle "CBM 172 Extra"]
[Source "ChessBase"]
[SourceDate "2016.06.21"]
[SourceVersion "1"]
[SourceVersionDate "2016.06.21"]
[SourceQuality "1"]

1. d4 Nf6 2. Bf4 g6 3. e3 Bg7 4. c4 c6 5. Nf3 d5 6. Nc3 0-0 7. Bd3 dxc4 8. Bxc4 b5 9. Bd3 Bb7 10. 0-0 Nbd7 11. h3 a6 12. Be2 e6 13. Rc1 c5 14. dxc5 Nxc5 15. Qxd8 Rfxd8 16. Rfd1 Rac8 17. Nh2 Nfe4 18. Nxe4 Nxe4 19. b3 Rxd1+ 20. Rxd1 Nc3 21. Rd2 Nxe2+ 22. Rxe2 Rc1+ 23. Nf1 Be4 24. f3 Bd3 25. Rd2 Rc3 26. Ng3 e5 27. Ne4 Rc1+ 28. Kh2 exf4 29. Rxd3 fxe3 30. Rxe3 Be5+ 31. Ng3 Bxg3+ 32. Kxg3 1/2-1/2

[Event "ROM-ch U10 Girls"]
[Site "Calimanesti"]
[Date "2015.04.02"]
[Round "5"]
[White "Obada, Ema"]
[Black "Hejja, Irisz Hanna"]
[Result "1-0"]
[WhiteElo "1577"]
[BlackElo "1538"]
[PlyCount "71"]
[EventDate "2015.03.30"]
[EventType "swiss"]
[EventRounds "9"]
[EventCountry "ROU"]
[SourceTitle "CBM 165 Extra"]
[Source "ChessBase"]
[SourceDate "2015.04.21"]
[SourceVersion "1"]
[SourceVersionDate "2015.04.21"]
[SourceQuality "1"]

1. Nf3 f5 2. b3 e6 3. Bb2 Nf6 4. g3 d5 5. Bg2 Bd6 6. 0-0 c6 7. d3 0-0 8. Nbd2 Nbd7 9. c4 Qe7 10. Re1 Bb4 11. a3 Bd6 12. e4 Bc7 13. exf5 Qf7 14. Ng5 Qe7 15. Nxe6 Bd6 16. Nc7 Qf7 17. Nxa8 Nc5 18. Qf3 Ncd7 19. a4 Bb4 20. Re2 Nc5 21. Ba3 Bxa3 22. Rxa3 Na6 23. Ra1 Bd7 24. Nb6 axb6 25. Rae1 Nb4 26. Re7 Qh5 27. Qxh5 Nxh5 28. Rxd7 Nxd3 29. Ree7 Nc5 30. Rc7 dxc4 31. Nxc4 Nxb3 32. Bf3 Nf6 33. Rxb7 Kh8 34. g4 h6 35. Ne5 Nd5 36. Ng6+ 1-0

[Event "ROM-ch U08 Girls"]
[Site "Calimanesti"]
[Date "2013.04.07"]
[Round "8"]
[White "Hejja, Irisz Hanna"]
[Black "Obada, Ema"]
[Result "0-1"]
[WhiteElo "1110"]
[BlackElo "1117"]
[PlyCount "116"]
[EventDate "2013.04.02"]
[EventType "swiss"]
[EventRounds "9"]
[EventCountry "ROU"]
[SourceTitle "CBM 153 Extra"]
[Source "ChessBase"]
[SourceDate "2013.04.22"]
[SourceVersion "1"]
[SourceVersionDate "2013.04.22"]
[SourceQuality "1"]

1. e4 e5 2. Nf3 Nc6 3. Bc4 Bc5 4. Nc3 d6 5. d3 Be6 6. Bb5 Bd7 7. Bxc6 Bxc6 8. a3 a6 9. Be3 Ba7 10. Bxa7 Rxa7 11. d4 Qe7 12. 0-0 Nf6 13. Qe2 0-0 14. h3 exd4 15. Nxd4 Bxe4 16. Nxe4 Qxe4 17. Qxe4 Nxe4 18. Rfe1 Nf6 19. Re7 Rc8 20. Nf5 g6 21. Nh6+ Kh8 22. Rxf7 Nd5 23. Re1 Raa8 24. Re4 Rf8 25. Rxf8+ Rxf8 26. Rh4 Kg7 27. Ng4 Re8 28. Kf1 Re4 29. b3 h5 30. c4 Nb6 31. f3 Rd4 32. a4 hxg4 33. a5 Nd7 34. hxg4 Rd1+ 35. Ke2 Rb1 36. f4 Rxb3 37. g5 Ra3 38. Rh6 Rxa5 39. g4 Rc5 40. Kd3 a5 41. Ke4 Rxc4+ 42. Ke3 a4 43. f5 Rxg4 44. Rxg6+ Kf7 45. Kf3 Ne5+ 46. Ke3 Nxg6 47. fxg6+ Kxg6 48. Kf3 Rb4 49. Ke3 a3 50. Kd3 a2 51. Kc3 Rb6 52. Kc4 a1Q 53. Kd5 Qe5+ 54. Kc4 Qa5 55. Kd4 Rb4+ 56. Kc3 Qa3+ 57. Kd2 Rb2+ 58. Kd1 Qa1# 0-1